| 000 | 00733nam a22002297a 4500 | ||
|---|---|---|---|
| 005 | 20230209091807.0 | ||
| 008 | 230208b |||||||| |||| 00| 0 eng d | ||
| 020 |
_a9780198785033 _qpaperback |
||
| 040 |
_aCBULib _cCBULib |
||
| 041 | _aeng | ||
| 050 | _aQC 793.3.F5 Kak | ||
| 100 | _aKaku, Michio | ||
| 245 |
_aHyperspace : _ba scientific odyssey through parallel universes , time warps, and the tenth dimension _cby Michio Kaku |
||
| 260 |
_bOxford university press _c1994 _aUnited Kingdom |
||
| 300 |
_axvi, 359 pages : _billustrations |
||
| 600 |
_2Title page _aO'KEEFE, ROBERT |
||
| 650 |
_2OCLC _aSUPERSTRING THEORIES |
||
| 650 |
_2OCLC _aHYPERSPACE |
||
| 700 | _aKaku, Michio | ||
| 700 | _aO'keefe, Robert | ||
| 942 | _c002 | ||
| 999 |
_c64066 _d64066 |
||